000 01824nam a2200397 c 4500
003 BLK
005 20241108163004.0
008 180408b bul|||||r ||||||| ||bul||
010 _aKNG00054100000
020 _a954-427-629-7
_bиздат.: Абагар
040 _aBLK
041 _aBUL
_cBUL
080 _aИстория на Европа от 1919 г. Обща история на ХХ в.
_b940.5
_x
_z940.5
080 _aОбща световна история. История на света
_b930.9
_x"19"
_z930.9"19"
080 _aМеждународни политически отношения. Световна политика. Международна политика. Дипломация
_b327
_x(091)
_z327(091)
100 1 _aМитев, Йордан Крумов
_eпърви автор
_9247838
700 1 _aУзунов, Филип Иванов
_eсъавт.
_9283076
139 _aМитев, Йордан Крумов и др.
_bМ 70
245 1 0 _aПолитическа история на съвременния свят
_cЙордан Крумов Митев; съавт. Филип Иванов Узунов.
257 _aBGR
260 В. Търново
_bАбагар
_c2005
_fВ. Търново : Абагар
300 _a456 с.
_bс ил., к.
_c21 см
380 _a9
500 _aОфс. изд.
650 4 _aИстория, нова
_9246041
650 4 _aМеждународни отношения - история
_9255630
653 _aистория на света
653 _aнова история
653 _aмеждународни отношения
852 _aЦб 223917
856 4 _qpdf
_u
856 4 _qpdf
_u
942 _cKNG
_n0
_09
944 _aCR
_c31.05.2005
_k30530
_lМинев Младен
944 _aED
_c13.10.2008
_k
999 _c50229
_d50229